000
00269nam a22001217a 4500
008
190305b xxu||||| |||| 00| 0 eng d
041
_a
eng
080
_a
721
100
_a
41
101
_a
ARK
245
_a
Experiencing Architecture
_c
Rasmussen,S.E
942
_2
udc
_c
BK
999
_c
54563
_d
54563